| 000 | 00420 a2200169 4500 | ||
|---|---|---|---|
| 001 | 145467 | ||
| 040 | _cLeonardo Da Vinci | ||
| 041 | _aPortuguês | ||
| 082 |
_a372.8981 B763h _bB763h |
||
| 100 | _aBOULOS JÚNIOR, Alfredo | ||
| 245 |
_aHistória do Brasil _bimpério e república |
||
| 260 |
_bFTD _c1995 _aSão Paulo |
||
| 300 | _a159 | ||
| 362 | _a19950000 | ||
| 697 |
_aBrasil _aHistória _aImpério |
||
| 942 | _cBK | ||
| 999 |
_c145467 _d145467 |
||